000 00638nam a2200277Ia 4500
005 20260324151003.0
008 008 260324s9999 xx 000 0 eng d
020 _a9781003480570
037 _aEBOOK
040 _aCRL
040 _beng
040 _cCRL
041 _2eng
041 _aeng
084 _qCRL
100 _aReginald E. Roper
_91228329
245 4 _aThe Individual and the Community
260 _bTaylor and Francis
260 _c1922
365 _a
365 _b160
856 _uhttp://www.taylorfrancis.com/books/9781003480570
942 _cEBOOK
999 _c1838691
_d1838691